Quais os planos para proteger as unidades de conservação vulneráveis da Amazônia? / (Record no. 1589)

MARC details
000 -LÍDER
Campo Fixo de Controle 00827nam a2200253 a 4500
001 - NÚMERO DE CONTROLE
Campo de Controle 1589
003 - IDENTIFICAÇÃO DO NÚMERO DE CONTROLE
Campo de Controle BR-CuiBMT
005 - DATA E HORA DA ÚLTIMA ATUALIZAÇÃO
Campo de Controle 20231217140137.0
008 - DADOS FIXOS
Dados Fixos 231215s2016 paba 000 0 por d
020 ## - INTERNATIONAL STANDARD BOOK NUMBER
Nº do ISBN 9788586212857
040 ## - AGÊNCIA CATALOGADORA
Código da Agência Catalogadora BR-CuiBMT
Agência que transcreveu o registro BR-CuiBMT
080 ## - Nº DA CLASSIFICAÇÃO DECIMAL UNIVERSAL
Nº Class. CDU 502.211
Subd. Auxiliar Comum (811)
Nº edição CDU 2007
090 ## - NÚMERO DE CHAMADA
Nº classificação 502.211(811)
Cutter Q1
245 00 - TÍTULO PRINCIPAL
Título principal Quais os planos para proteger as unidades de conservação vulneráveis da Amazônia? /
Indicação de responsabilidade Elis Araújo ... [et al.].
260 ## - PUBLICAÇÃO, DISTRIBUIÇÃO, ETC.
Local de publicação Belém :
Editora Imazon,
Data 2016.
300 ## - DESCRIÇÃO FÍSICA
N. páginas ou volumes 36 p. :
Ilustrações il. color. ;
Dimensões 28 cm
504 ## - NOTA DE BIBLIOGRAFIA, ETC.
Nota de bibliografia Inclui bibliografia.
650 ## - ASSUNTO TÓPICO
Cabeçalho tópico ou nome geográfico Desmatamento
Subdivisão geral Políticas públicas
Subdivisão geográfica Amazônia
650 ## - ASSUNTO TÓPICO
Cabeçalho tópico ou nome geográfico Exploração madeireira
650 ## - ASSUNTO TÓPICO
Cabeçalho tópico ou nome geográfico Unidades de conservação
Subdivisão geográfica Amazônia
650 ## - ASSUNTO TÓPICO
Cabeçalho tópico ou nome geográfico Tribunal de Contas
700 1# - ENTRADA SECUNDÁRIA -- NOME PESSOAL
Nome pessoal Araújo, Elis
Termo de relação et al.
-- autores
942 ## - ELEMENTOS DE ENTRADA ADICIONAIS (KOHA)
Fonte de classificação ou esquema de arquivamento Classificação Decimal Universal
Tipo de item do Koha Livros
Holdings
Estado: removido Estado: perdido Fonte de classificação ou esquema de arquivamento Estado: danificado Indisponível para empréstimo Localização permanente Localização atual Data de aquisição Total Checkouts Número de Chamada completo Código de barras Date last seen Número do exemplar Preço efetivo a partir de Tipo de item (Koha)
    Classificação Decimal Universal     Biblioteca da Escola Superior de Contas do TCE/MT Biblioteca da Escola Superior de Contas do TCE/MT 15/12/2023   502.211(811) Q1 BIBTCEMT23120700 16/12/2023 Ex. 1 16/12/2023 Livros

Powered by Koha